Towards central government computer policies
محفوظ في:
| المؤلف الرئيسي: | |
|---|---|
| التنسيق: | كتاب |
| اللغة: | Undetermined |
| منشور في: |
Paris
Organisation for Economic Co-operation and Development
1973
|
| الموضوعات: | |
| الوسوم: |
إضافة وسم
لا توجد وسوم, كن أول من يضع وسما على هذه التسجيلة!
|
| Thư viện lưu trữ: | Trung tâm Học liệu Trường Đại học Cần Thơ |
|---|
| LEADER | 00634nam a2200193Ia 4500 | ||
|---|---|---|---|
| 001 | CTU_86614 | ||
| 008 | 210402s9999 xx 000 0 und d | ||
| 082 | |a 351 | ||
| 082 | |b T737 | ||
| 100 | |a Organisation for Economic Co-operation and Development | ||
| 245 | 0 | |a Towards central government computer policies | |
| 245 | 0 | |c Organisation for Economic Co-operation and Development | |
| 260 | |a Paris | ||
| 260 | |b Organisation for Economic Co-operation and Development | ||
| 260 | |c 1973 | ||
| 650 | |a Public administration | ||
| 650 | |x Data processing | ||
| 904 | |i Năm | ||
| 980 | |a Trung tâm Học liệu Trường Đại học Cần Thơ | ||